<?xml version="1.0" encoding="UTF-8"?>
<record
    xmlns:xsi="http://www.w3.org/2001/XMLSchema-instance"
    xsi:schemaLocation="http://www.loc.gov/MARC21/slim http://www.loc.gov/standards/marcxml/schema/MARC21slim.xsd"
    xmlns="http://www.loc.gov/MARC21/slim">

  <leader>01182nam a2200241 a 4500</leader>
  <controlfield tag="001">000034260</controlfield>
  <controlfield tag="005">20200930070919.0</controlfield>
  <controlfield tag="008">110929s2002    es abd        000 0 spa d</controlfield>
  <datafield tag="020" ind1=" " ind2=" ">
    <subfield code="a">8400080416</subfield>
  </datafield>
  <datafield tag="040" ind1=" " ind2=" ">
    <subfield code="a">DO-SdBNP</subfield>
    <subfield code="b">spa</subfield>
    <subfield code="c">BNPHU</subfield>
  </datafield>
  <datafield tag="100" ind1="1" ind2=" ">
    <subfield code="a">P&#xE9;rez Yruela, Manuel</subfield>
    <subfield code="9">59677</subfield>
  </datafield>
  <datafield tag="245" ind1="1" ind2="0">
    <subfield code="a">Pobreza y exclusi&#xF3;n social en Andaluc&#xED;a /</subfield>
    <subfield code="c">Manuel P&#xE9;rez Yruela, Hilario S&#xE1;ez M&#xE9;ndez y Manuel Trujillo Carmona ; equipo de investigaci&#xF3;n Luis Rodr&#xED;guez Morcillo...[et.al] ; colaboradores Agust&#xED;n Fleta, Ignacio Rejano.</subfield>
  </datafield>
  <datafield tag="260" ind1=" " ind2=" ">
    <subfield code="a">Cordoba :</subfield>
    <subfield code="b">Consejo Superior de Investigaciones Cient&#xED;ficas,</subfield>
    <subfield code="c">2002.</subfield>
  </datafield>
  <datafield tag="300" ind1=" " ind2=" ">
    <subfield code="a">475 p. ; :</subfield>
    <subfield code="b">il., gr&#xE1;f. map. ;</subfield>
    <subfield code="c">24 cm.</subfield>
  </datafield>
  <datafield tag="490" ind1="1" ind2=" ">
    <subfield code="a">Politeya. Estudios de pol&#xED;tica y sociedad;</subfield>
    <subfield code="v">18</subfield>
  </datafield>
  <datafield tag="504" ind1=" " ind2=" ">
    <subfield code="a">Bibliogr&#xE1;ficas</subfield>
  </datafield>
  <datafield tag="505" ind1="2" ind2=" ">
    <subfield code="t">Pobreza y exclusi&#xF3;n social: tipol&#xF3;g&#xED;as y an&#xE1;lisis cuantitativo --</subfield>
    <subfield code="t">Caracter&#xED;sticas de los procesos de exclusi&#xF3;n social: an&#xE1;lisis de las historias de vida</subfield>
  </datafield>
  <datafield tag="700" ind1="1" ind2=" ">
    <subfield code="a">S&#xE1;ez M&#xE9;ndez, Hilario</subfield>
    <subfield code="9">59678</subfield>
  </datafield>
  <datafield tag="700" ind1="1" ind2=" ">
    <subfield code="a">Trujillo Carmona, Manuel</subfield>
    <subfield code="9">59679</subfield>
  </datafield>
  <datafield tag="710" ind1="1" ind2=" ">
    <subfield code="a">Instituto de Estudios Sociales Avanzados (Espa&#xF1;a)</subfield>
    <subfield code="9">59680</subfield>
  </datafield>
  <datafield tag="830" ind1=" " ind2="0">
    <subfield code="a">Politeya. Estudios de pol&#xED;tica y sociedad ;</subfield>
    <subfield code="v">18</subfield>
    <subfield code="9">15695</subfield>
  </datafield>
  <datafield tag="049" ind1=" " ind2=" ">
    <subfield code="a">BNPD</subfield>
  </datafield>
  <datafield tag="952" ind1=" " ind2=" ">
    <subfield code="0">0</subfield>
    <subfield code="1">0</subfield>
    <subfield code="5">0</subfield>
    <subfield code="7">1</subfield>
    <subfield code="8">MO</subfield>
    <subfield code="a">GR</subfield>
    <subfield code="b">GR</subfield>
    <subfield code="c">CT</subfield>
    <subfield code="d">2011-09-29</subfield>
    <subfield code="i">LF1</subfield>
    <subfield code="l">0</subfield>
    <subfield code="o"> </subfield>
    <subfield code="p">34260-10</subfield>
    <subfield code="r">2020-06-25</subfield>
    <subfield code="w">2020-06-25</subfield>
    <subfield code="y">1</subfield>
    <subfield code="Z">No se presta</subfield>
  </datafield>
  <datafield tag="999" ind1=" " ind2=" ">
    <subfield code="c">33751</subfield>
    <subfield code="d">33751</subfield>
  </datafield>
</record>
